Statistics for Chemical Formula's Common Name

Click here to take the quiz!

General Stats

  • This quiz has been taken 35 times
  • The average score is 7 of 12

Answer Stats

Chemical FormulasChemical CompoundsCommon Names% Correct
NaClSodium ChlorideTable Salt
100%
C12H22O11SucroseSugar
93%
N2ONitrous OxideLaughing Gas
77%
NaHCO3Sodium BicarbonateBaking Soda
73%
O3TrioxygenOzone
73%
CH3COOHAcetic AcidVinegar
73%
SiO2Silicon OxideSand
50%
C9H8O4Acetylsalicylic AcidAspirin
47%
C7H5N3O6TrinitrotolueneT.N.T
47%
Na2B4O7.10 H2OSodium TetraborateBorax
27%
CaOCL2Trichloro MethaneChloroform
27%
CF2Cl2Dichlorodifluoro MethaneFreon
13%

Score Distribution

Percentile by Number Answered

Percent of People with Each Score

Your Score History

You have not taken this quiz